Geo Jordan 2004 : Advances in Geotechnical Engineering with Emphasis on Dams, Highway Materials, and Soil Improvement /

Bibliographic Details
Other Authors: Alshibli, Khalid A., Malkawi, Abdallah I. Husein, Alsaleh, Mustafa I.
Format: eBook
Published: Reston, VA : American Society of Civil Engineers, 2004.
Series:Geotechnical Practice Publications.
Subjects:
Online Access:Connect to the full text of this electronic book

MARC

Tag First Indicator Second Indicator Subfields
LEADER 00000cam a22000005u 4500
001 in00002786881
005 20190331170701.0
006 m o d
007 cr nn 008mam|a
008 040616t2004 gw fo || 0 0 |||||
020 |a 9780784407356 
035 |a (American Society of Civil Eng)10.1061/9780784407356 
040 |d UtOrBLW 
245 0 0 |a Geo Jordan 2004 :  |b Advances in Geotechnical Engineering with Emphasis on Dams, Highway Materials, and Soil Improvement /  |c Edited by Khalid A. Alshibli, Abdallah I. Husein Malkawi, Mustafa I. Alsaleh. 
264 1 |a Reston, VA :  |b American Society of Civil Engineers,  |c 2004. 
300 |a 1 online resource. 
336 |a text  |b txt  |2 rdacontent 
337 |a computer  |b c  |2 rdamedia 
338 |a online resource  |b cr  |2 rdacarrier 
490 1 |a Geotechnical Practice Publications 
500 |a Electronic resource. 
653 |a Proceedings  |a Geo-Institute (G-I)  |a Geotechnics  |a Dams and embankments  |a Pavements  |a Soil and rock mechanics  |a Available in Print 
655 7 |a Electronic books.  |2 local 
700 1 |a Alshibli, Khalid A. 
700 1 |a Malkawi, Abdallah I. Husein. 
700 1 |a Alsaleh, Mustafa I. 
730 0 |a ASCE Library. 
830 0 |a Geotechnical Practice Publications. 
856 4 0 |u http://proxy.library.tamu.edu/login?url=http://ascelibrary.org/action/showBook?doi=10.1061%2F9780784407356  |z Connect to the full text of this electronic book  |t 0 
999 |a MARS 
999 f f |s 6b6a5e17-d213-3766-8486-0bdd59a65d54  |i 4a1e3779-8269-3763-9787-7b4ccbfb0da0  |t 0 
952 f f |a Texas A&M University  |b College Station  |c Electronic Resources  |d Available Online  |t 0  |h No information provided 
998 f f |t 0  |l Available Online